trad anglais - fiche 1 : institutions politiques - Statistiques

Statistiques générales
  • Ce quiz a été pris 11 fois
  • Le résultat moyen est 12 sur 20
Statistiques - réponses
français anglais % Correct
un projet de loi a bill
100%
une élection partielle a by-election
100%
un conseil des Ministres a cabinet meeting
100%
un démocrate a Democrat
100%
des élections législatives a general election
100%
un sondage d'opinion an opinion poll
100%
un pair a peer
100%
un tour a round
100%
un sénateur a senator
100%
une motion de censure a vote of no-confidence
100%
de gauche left-wing
100%
de droite right-wing
100%
le parti démocrate the Democratic Party
100%
le gouvernement fédéral the federal government
100%
le ministre de l'Intérieur the Home Secretary
100%
le parti travailliste the Labour Party
100%
le parti républicain the Republican Party
100%
un siège a seat
75%
le Parlement Parliament/the Houses of Parliament
67%
le ministre des Affaires étrangères the Foreign Secretary
67%
le Premier ministre the Prime Minister/the PM
67%
le Sénat the Senate
67%
le Congrès the US Congress
67%
un ministère a government department
50%
un électeur a voter
50%
les institutions britanniques British institutions
50%
le ministre de la Justice the Attorney-General
50%
le ministère des Affaires étrangères the Foreign Office
50%
le département d'Etat (≈ ministère des Affaires étrangères) the State Department
50%
un député a member of Parliament/an MP
33%
les institutions américaines American institutions
33%
le taux de participation the turnout
33%
un parlementaire a member of Congress/a congressman
25%
une circonscription a constituency
0%
un secrétaire d'Etat a junior minister
0%
une loi (votée) a law/an act/a statute
0%
un mandat an office/a term of office
0%
un programme a platform
0%
un républicain a Republican
0%
un ministre a secretary
0%
progressiste/de gauche liberal
0%
la vie politique political life
0%
le Chancelier de l'Echiquier (≈ ministre des Finances) the Chancellor of the Exchequer
0%
le parti conservateur the Conservative Party
0%
le ministère de l'Intérieur the Home Office
0%
la Chambre des Communes = la chambre basse the House of Commons/the Lower House
0%
la Chambre des Lords = la chambre haute the House of Lords/the Upper House
0%
la chambre des représentants the House of Representatives
0%
les démocrates libéraux the Liberal Democrats/the Lib Dems
0%
le secrétaire d'Etat (≈ ministre des Affaires étrangères) the Secretary of State
0%
Aucun quiz correspondant
Distribution des résultats
% des personnes avec chaque résultat
Percentile par nombre de réponses
Votre historique - résultats
Vous n’avez pas pris ce quiz